00560nam a2200181Ia 4500003000900000005001700009008004100026040003300067041000800100080001200108100001300120245006800133260003600201300002100237942000700258952009600265999001700361LK-CoDNM20240726092406.0010623t1907 xxu||||| |||| 00| 1 eng d aLK-CoDNMdLK-CoDNMeLK-CoDNM aeng a8 bS24 aKeridon. aMan : The Prodigy and Freak of nature or an animal run to brain bThe Samurai PressaSurreyc1907 bvi, 62p. : 17 cm cBK 001041708OBCaMAINbMAINcREFd2024-07-26l0o8 S24pOB3102r2024-07-26w2024-07-26yBK c86430d86430